000
00239 a2200097 4500
001
29934
100
_a
Army Material Command
245
_a
Engineering design handbook reliability measurements
260
_a
_b
AMC
_c
090
_c
19937
_d
19937
942
_a
NUST-CAE
_c
M
_c
11043
999
_c
265007
_d
265007